Cartas de Indias (Record no. 5334)

MARC details
000 -CABECERA
campo de control de longitud fija 00953nam a2200229 a 4500
001 - NÚMERO DE CONTROL
campo de control BRCA_5640
005 - FECHA Y HORA DE LA ÚLTIMA TRANSACCIÓN
campo de control 20190320205150.0
008 - DATOS DE LONGITUD FIJA--INFORMACIÓN GENERAL
campo de control de longitud fija 220211s1877----sp-ab#####---o000-0#spa-#
041 ## - CÓDIGO DE LENGUA
Código de lengua del texto/banda sonora o título independiente spa
044 ## - CÓDIGO DEL PAÍS DE LA ENTIDAD EDITORA/PRODUCTORA
Código MARC del país sp
050 #4 - SIGNATURA TOPOGRÁFICA DE LA BIBLIOTECA DEL CONGRESO
Número de clasificación E123
Número de documento/Ítem .C37 1877
245 10 - MENCIÓN DE TÍTULO
Título Cartas de Indias
Mención de responsabilidad, etc. Cristobal Colón.
260 ## - PUBLICACIÓN, DISTRIBUCIÓN, ETC.
Lugar de publicación, distribución, etc. Madrid
Nombre del editor, distribuidor, etc. M. G. Hernández
Fecha de publicación, distribución, etc. 1877
300 ## - DESCRIPCIÓN FÍSICA
Extensión 877 p.
Otras características físicas il., mapas
Dimensiones 42 cm.
Material acompañante/anejo Cartas Geográficas
500 ## - NOTA GENERAL
Nota general Cartas de Cristobal Colón Cartas desde la Nueva España.
500 ## - NOTA GENERAL
Nota general Dedicatorias al Rey; cartas desde la Nueva España; Mapa de Australia; Mapa de los Ríos Amazonas, Esequivo o dulce y Orinoco y Comarcas Adyacentes; Carta de las Antillas, Seno Mejicano y Costas de Tierra firme y de la América Setentrional; Carta Geográfica del Estrecho de Magallanes
500 ## - NOTA GENERAL
Nota general F118
650 14 - PUNTO DE ACCESO ADICIONAL DE MATERIA--TÉRMINO DE MATERIA
Término de materia o nombre geográfico como elemento de entrada Conquista Española
Subdivisión de forma Cartas Geográficas
Subdivisión geográfica México
9 (RLIN) 14347
651 #4 - PUNTO DE ACCESO ADICIONAL DE MATERIA--NOMBRE GEOGRÁFICO
Nombre geográfico América Latina
Subdivisión general Historia
9 (RLIN) 6698
902 ## - CATALOGADOR
Iniciales GFM
942 ## - ELEMENTOS DE PUNTO DE ACCESO ADICIONAL (KOHA)
Fuente del sistema de clasificación o colocación Library of Congress Classification
Tipo de ítem Koha Libros
Holdings
Estado de retiro Estado de pérdida Estado dañado No para préstamo Localización permanente Ubicación/localización actual Fecha de adquisición Número de inventario Total de préstamos Signatura topográfica completa Código de barras Fecha visto por última vez Precio válido a partir de Tipo de ítem Koha
El ejemplar forma parte de la colección y puede ser consultado según las políticas vigentes.       Biblioteca del Museo Franz Mayer (Rogerio Casas-Alatriste) Biblioteca del Museo Franz Mayer (Rogerio Casas-Alatriste) 15/02/2011 F118   E123 .C37 1877 (F118) 6076 22/03/2019 22/03/2019 Libros